| 000 | 01943nam a22002537a 4500 | ||
|---|---|---|---|
| 003 | Uzh_bibl | ||
| 008 | 220927b |||||||| |||| 00| 0 ukr d | ||
| 020 |
_a978-966-2647-18-1 _c170.00 |
||
| 040 | _bукр. | ||
| 041 |
_2pol _aukr |
||
| 080 | _a821(438) | ||
| 090 |
_a821(438) _bД 67 |
||
| 100 | _aДоленга-Мостович,Тадеуш | ||
| 245 |
_aЗнахар _cпер.з поль.Б.Антоняк _hТекст |
||
| 260 |
_aЛьвів _bУрбіно _c2016 |
||
| 300 |
_a304с. _fВ опр. |
||
| 520 | _aДовоєнна Польща. Родинна трагедія змінює все життя геніального хірурга Рафала Вільчура. Від нього йде кохана дружина, забравши із собою маленьку доньку. Того ж таки дня професор Вільчур опиняється на вулиці, де волоцюги побачивши у нього велику суму грошей, вивозять його за місто і, вдаривши по голові, покидають непритомного. Отямившись, Вільчур не пам’ятає, хто він і де живе. Так починаються довгі роки його поневірянь… Проте доля усміхається йому. Уже під іменем Антонія Косиби він знаходить притулок у сім’ї мельника, де рятує від каліцтва молодшого сина господаря і стає членом родини. Відтоді про знахаря заговорили в усій околиці… | ||
| 521 | _aДля широкого кола читачів | ||
| 546 | _aукр. | ||
| 650 | _aЛітературно-художне видання | ||
| 653 |
_aЗнахар _aПрофесор |
||
| 655 | _vроман | ||
| 942 |
_2udc _cBK |
||
| 999 |
_c17112 _d17112 |
||